John Updike papers, (Record no. 43607)

MARC details
000 -LEADER
fixed length control field 01884cpcaa2200409 a 4500
001 - CONTROL NUMBER
control field mm 82043729
003 - CONTROL NUMBER IDENTIFIER
control field DLC
005 - DATE AND TIME OF LATEST TRANSACTION
control field 20260227111714.0
007 - PHYSICAL DESCRIPTION FIXED FIELD--GENERAL INFORMATION
fixed length control field cr |||||||||||
008 - FIXED-LENGTH DATA ELEMENTS--GENERAL INFORMATION
fixed length control field 820702|||||||||||| eng
010 ## - LIBRARY OF CONGRESS CONTROL NUMBER
LC control number mm 82043729
040 ## - CATALOGING SOURCE
Original cataloging agency DLC
Transcribing agency DLC
Description conventions dacs
Modifying agency DLC
072 #7 - SUBJECT CATEGORY CODE
Subject category code L
Source lcmd
100 1# - MAIN ENTRY--PERSONAL NAME
Personal name Updike, John.
245 00 - TITLE STATEMENT
Title John Updike papers,
Inclusive dates 1962-1969.
300 ## - PHYSICAL DESCRIPTION
Extent 166
Type of unit items.
300 ## - PHYSICAL DESCRIPTION
Extent 7
Type of unit containers.
300 ## - PHYSICAL DESCRIPTION
Extent 2.6
Type of unit linear feet.
506 0# - RESTRICTIONS ON ACCESS NOTE
Terms governing access Open to research.
520 8# - SUMMARY, ETC.
Summary, etc. Correspondence, galley proofs, plate proof, typescripts, notes, book covers, poems, photographs, and other papers. Includes drafts and other material for Updike's novels The Centaur, Of the Farm, and The Poorhouse Fair; drafts of the poetry anthology, Midpoint, and Other Poems; and drafts of other poems, many published in the New Yorker. Correspondence relates chiefly to publication of Updike's works.
545 0# - BIOGRAPHICAL OR HISTORICAL DATA
Biographical or historical data Novelist, short story writer, and poet. Born 1932.
546 ## - LANGUAGE NOTE
Language note Collection material in English.
555 8# - CUMULATIVE INDEX/FINDING AIDS NOTE
Cumulative index/finding aids note Finding aid available in the Library of Congress Manuscript Reading Room and at
Uniform Resource Identifier <a href="http://hdl.loc.gov/loc.mss/eadmss.ms010250">http://hdl.loc.gov/loc.mss/eadmss.ms010250</a>
630 00 - SUBJECT ADDED ENTRY--UNIFORM TITLE
Uniform title New Yorker.
650 #0 - SUBJECT ADDED ENTRY--TOPICAL TERM
Topical term or geographic name entry element American literature.
650 #0 - SUBJECT ADDED ENTRY--TOPICAL TERM
Topical term or geographic name entry element American poetry.
656 #7 - INDEX TERM--OCCUPATION
Occupation Authors.
Source of term itoamc
656 #7 - INDEX TERM--OCCUPATION
Occupation Poets.
Source of term itoamc
700 1# - ADDED ENTRY--PERSONAL NAME
Personal name Updike, John.
Title of a work Centaur
Date of a work (1963)
700 1# - ADDED ENTRY--PERSONAL NAME
Personal name Updike, John.
Title of a work Midpoint, and other poems
Date of a work (1969)
700 1# - ADDED ENTRY--PERSONAL NAME
Personal name Updike, John.
Title of a work Of the farm
Date of a work (1965)
700 1# - ADDED ENTRY--PERSONAL NAME
Personal name Updike, John.
Title of a work Poorhouse fair
Date of a work (1958)
856 4# - ELECTRONIC LOCATION AND ACCESS
Materials specified Finding aid
Uniform Resource Identifier <a href="http://hdl.loc.gov/loc.mss/eadmss.ms010250">http://hdl.loc.gov/loc.mss/eadmss.ms010250</a>
856 4# - ELECTRONIC LOCATION AND ACCESS
Materials specified Finding aid (PDF)
Uniform Resource Identifier <a href="http://hdl.loc.gov/loc.mss/eadmss.ms010250.3">http://hdl.loc.gov/loc.mss/eadmss.ms010250.3</a>

No items available.

Powered by Koha